| 000 | 00000nam##2200000za#4500 |
| 001 | 9.625341 |
| 003 | CaOODSP |
| 005 | 20200511142755 |
| 007 | ta |
| 008 | 150406|1999||||xxc||||| f|0| 0 fre|d |
| 020 | |a1-895643-85-6 |
| 040 | |aCaOODSP|bfre |
| 043 | |an-cn--- |
| 086 | 1 |aEn133-5/5-1999F |
| 110 | 2 |aTable ronde nationale sur l'environnement et l'économie (Canada) |
| 245 | 10|aAnalyse des problèmes de conception d'un programme d'échange de droits d'émission / |cpar Erik Haites et Robert Hornung. |
| 260 | |aOttawa - Ontario : |bTable ronde nationale sur l'environnement et l'économie |c1999. |
| 300 | |aiv, 31p. : |bréférences, tableaux ; |c28 cm. |
| 490 | 1 |aDroits d'échange d'émission nationaux des gaz à effet de serre, série de documents techniques |
| 500 | |a«Le présent document présente les divers aspects d'un programme d'échange de droits d'émission et les options possibles pour résoudre les problèmes qu'il pose: problèmes relatifs à la portée du programme d'échange des droits d'émission... à la mesure, au rapport et à la vérification des allocations et des crédits... au coût de l'échange pour les participants... à l'utilisation d'allocations et de crédits... aux changements apportés au système d'échange de droits d'émission.»--Introduction. |
| 520 | 3 |aLe présent document présente les divers aspects d'un programme d'échange de droits d'émission et les options possibles pour résoudre les problèmes qu'il pose: problèmes relatifs à la portée du programme d'échange des droits d'émission... à la mesure, au rapport et à la vérification des allocations et des crédits... au coût de l'échange pour les participants... à l'utilisation d'allocations et de crédits... aux changements apportés au système d'échange de droits d'émission.--Introduction |
| 563 | |aReliure à spirale |
| 590 | |a00-25|b2000-06-23 |
| 691 | 07|aEffet de serre|2gcpds |
| 691 | 07|aGestion de l'environnement|2gcpds |
| 691 | 07|aLutte contre la pollution|2gcpds |
| 691 | 07|aClimat|2gcpds |
| 720 | 1 |aHaites, Erik |
| 720 | 1 |aHornung, Robert |
| 776 | 0#|tAnalyse des problèmes de conception d'un programme d'échange de droits d'émission / |w(CaOODSP)9.605989 |
| 830 | #0|aDroits d'échange d'émission nationaux des gaz à effet de serre, série de documents techniques.|w(CaOODSP)9.512950 |